• 首页
  • 本馆介绍
  • 公告通知
  • 最新文献
  • 馆藏检索
  • 电子资源
  • 读者导购
  • 参考咨询
  • 我的图书馆
  • 登录
  • 详细信息显示
  • 放入我的书架
  • 预约/预借图书
  • 作者相关作品
  • 分类相关作品
  • 丛书相关作品
  • 出版社相关作品

书目信息

  • 表格格式
  • 工作单格式
  • 卡片格式
题名:
职业教育教学设计
    
 
作者: 邓泽民 著 ;赵沛 著
分册:  
出版信息: 北京   中国铁道出版社  2006
页数: 273页
开本: 23cm
丛书名:
单 册:
中图分类: G712.0
科图分类:
主题词: 职业教育--教学研究 , 职业教育 , 教学研究
电子资源:
ISBN: 7-113-07053-1
000 01097nam0 2200289 450
001 003233298
005 20070807151326.95
010    @a7-113-07053-1@dCNY38.00
035    @a003233298
100    @a20060904d2006 em y0chiy0110 ea
101 0  @achi
102    @aCN@b110000
105    @ay z 000yy
106    @ar
200 1  @a职业教育教学设计@Azhi ye jiao yu jiao xue she ji@f邓泽民,赵沛著@Fdeng ze min, zhao pei zhu
210    @a北京@c中国铁道出版社@d2006
215    @a273页@d23cm
300    @a全国教育科学规划课题和教育部“面向21世纪职业教育课程改革和教材建设规划”课题研究成果、研究经费资助
330    @a本书对职业教育系统理论、职业教育学习理论、职业教育传播理论和职业教育教学理论进行了研究,明确了职业教育的教学定义、教学目标、教学内容、教学过程、教学组织、教学方法、教学模式等与职业教育教学设计相关的理论问题等。
606 0  @a职业教育@x教学研究
606 0  @a职业教育
606 0  @a教学研究
690    @aG712.0@v4
701  0 @a邓泽民@Adeng ze min@c(职业教育,@f1962~)@4著
702  0 @a赵沛@Azhao pei@c(职业教育)@4著
801  0 @aCN@bNLC@c20070807
905    @dG712.0@e19@f1
    
    职业教育教学设计/邓泽民,赵沛著.-北京:中国铁道出版社,2006
    273页;23cm
    全国教育科学规划课题和教育部“面向21世纪职业教育课程改革和教材建设规划”课题研究成果、研究经费资助
    
    ISBN 7-113-07053-1:CNY38.00
    本书对职业教育系统理论、职业教育学习理论、职业教育传播理论和职业教育教学理论进行了研究,明确了职业教育的教学定义、教学目标、教学内容、教学过程、教学组织、教学方法、教学模式等与职业教育教学设计相关的理论问题等。
●
相关链接 在E读中查询图书 在五车中查询图书 在当当中查询图书 在豆瓣中查询图书


正题名:职业教育教学设计     索取号:G712.0/19         预约/预借

序号 登录号 条形码 馆藏地/架位号 状态 备注
1 0853962   208539624   第一样本阅览室/ [索取号:G712.0/19] 在馆    
唐山师范学院图书馆 欢迎您!
大连网信软件有限公司© 版权所有